000 01446namaa2200325 i 4500
003 EG-GICUC
005 20260404143929.0
008 260404s1987 jo ||||jr|||| 000 p ara d
017 _a1987 / 8 / 378
_bدار الكتب والوثائق القومية (مصر)
040 _aEG-GiCUC
_bara
_cEG-GiCUC
_dEG-GiCUC
_erda
082 0 4 _221
_a811.1
_bM7535
092 0 4 _221
_a811.1
_bM7535
099 _a811.1 M7535
100 1 _aمونرو، جيمس ت،
_eمؤلف.
245 1 2 _aالنظم الشفوى فى شعر ما قبل الاسلام :
_bمشكلة الموثوقية /
_cبقلم جيمس مونرو ؛ ترجمة وتقديم الدكتور ابراهيم السنجلاوى، الدكتور يوسف الطراونة
264 _aاربد (الاردن) :
_bمكتبة الكتانى،
_c1987
300 _a80 صفحة ؛
_c24 سم
336 _2rdacontent
_atext
337 _2rdamedia
_aUnmediated
338 _2rdacarrier
_avolume
504 _aيشتمل على ارجاعات ببليوجرافية .
541 _aد. / جابر عصفور ؛
_bالقاهرة ؛
_cإهداء ؛
_d2024.
650 1 7 _aالشعر العربى
_xتاريخ
_yالعصر الجاهلى
_2qrmak
650 1 7 _aالشعر العربى
_xتاريخ ونقد
651 1 _2qrmak
700 1 _aالسنجلاوى، ابراهيم،
_eمترجم.
700 1 _aالطراونة،يوسف،
_eمترجم.
905 _aAmira
942 _2ddc
_cBK
_e21
_n0
999 _c179163
_d179163